Effectif de l'OM en 2021 - Statistiques

Statistiques générales
  • Ce quiz a été pris 227 fois
  • Le résultat moyen est 14 sur 34
Statistiques - réponses
% Correct
Steve Mandanda
100%
Dimitri Payet
94%
Florian Thauvin
84%
Valentin Rongier
74%
Boubacar Kamara
73%
Yohann Pelé
72%
Jorge Sampaoli
71%
Hiroki Sakai
68%
Arkadiusz Milik
67%
Duje Caleta-Car
65%
Jordan Amavi
62%
Valère Germain
58%
Pol Lirola
53%
Álvaro González
48%
Pape Gueye
48%
Leonardo Balerdi
47%
Darío Benedetto
42%
Luis Henrique
42%
Yuto Nagatomo
42%
Ahmadou Bamba Dieng
35%
Michaël Cuisance
29%
Lucas Perrin
28%
Saif-Eddine Khaoui
25%
Olivier Ntcham
16%
Simon Ngapandouetnbu
16%
Ugo Bertelli
11%
Aaron Kamardin
9%
Christopher Rocchia
6%
Franco Tongya
5%
Cheick Souare
4%
Jores Rahou
3%
Nassim Ahmed
2%
Richecard Richard
2%
Alexandre Phliponeau
1%
Aucun quiz correspondant
Distribution des résultats
% des personnes avec chaque résultat
Percentile par nombre de réponses
Votre historique - résultats
Vous n’avez pas pris ce quiz